Πλούταρχος ο Χαιρωνεύς : η ζωή και το έργο του
Αποθηκεύτηκε σε:
| Κύριος συγγραφέας: | |
|---|---|
| Μορφή: | Βιβλίο |
| Γλώσσα: | Greek |
| Δημοσίευση: |
Αθήναι :
Οργανισμός Εκδόσεως Διδακτικών Βιβλίων,
1966.
|
| Σειρά: | Επιστημονική Βιβλιοθήκη (Παιδαγωγικό Ινστιτούτο)
3 |
| Θέματα: | |
| Ετικέτες: |
Προσθήκη ετικέτας
Δεν υπάρχουν, Καταχωρήστε ετικέτα πρώτοι!
|
MARC
| LEADER | 00000cam a2200000 i 4500 | ||
|---|---|---|---|
| 001 | 1/102421 | ||
| 008 | 950504s1966 gr | ||| |||| ||gre|| | ||
| 035 | |l 10012497 | ||
| 040 | |a GR-MyUa |b gre |e AACR2 | ||
| 041 | 0 | |a gre | |
| 082 | 7 | |a 883.3 | |
| 100 | 1 | |a Μερακλής, Μιχάλης Γ., |d 1932- | |
| 245 | 1 | 0 | |a Πλούταρχος ο Χαιρωνεύς : |b η ζωή και το έργο του / |c Μ.Γ. Μερακλής. |
| 260 | |a Αθήναι : |b Οργανισμός Εκδόσεως Διδακτικών Βιβλίων, |c 1966. | ||
| 300 | |a 106 σ. ; |c 23 εκ. | ||
| 490 | 1 | |a Επιστημονική βιβλιοθήκη / Παιδαγωγικό Ινστιτούτο ; |v 3) | |
| 600 | 0 | 7 | |2 nlgaf |a Πλούταρχος, |d 46-120. |
| 830 | 0 | |a Επιστημονική Βιβλιοθήκη (Παιδαγωγικό Ινστιτούτο) |v 3 | |
| 852 | |a INST |b LESVOS |e 19950504 |h 883.3 ΜΕΡ |p 005100001347 |q 005100001347 |t BK |y 0 | ||
| 922 | |a 1ΔΩΡ |b 199105 | ||